|
|
|
|
| LEADER |
00000nam0a2200000 4500 |
| 001 |
170827 |
| 005 |
20231101222921.0 |
| 035 |
|
|
|a (RuTPU)RU\TPU\book\185235
|
| 090 |
|
|
|a 170827
|
| 100 |
|
|
|a 20091126d1974 km y0rusy50 ca
|
| 101 |
1 |
|
|a rus
|c eng
|
| 102 |
|
|
|a RU
|
| 105 |
|
|
|a y z 001zy
|
| 200 |
1 |
|
|a Теория и задачи механики сплошных сред
|e пер. с англ.
|f Дж. Мейз
|
| 210 |
|
|
|a Москва
|c Мир
|d 1974
|
| 215 |
|
|
|a 318 с.
|c ил.
|
| 320 |
|
|
|a Библиогр.: с. 309.
|
| 320 |
|
|
|a Предметный указатель: с. 310-314.
|
| 606 |
1 |
|
|a Механика сплошных сред
|2 stltpush
|3 (RuTPU)RU\TPU\subj\43578
|9 63063
|
| 610 |
1 |
|
|a теория
|
| 610 |
1 |
|
|a задачи
|
| 610 |
1 |
|
|a математические основы
|
| 610 |
1 |
|
|a напряженное состояние
|
| 610 |
1 |
|
|a деформации
|
| 610 |
1 |
|
|a движение
|
| 610 |
1 |
|
|a течение
|
| 610 |
1 |
|
|a упругость
|
| 610 |
1 |
|
|a жидкости
|
| 610 |
1 |
|
|a пластичность
|
| 610 |
1 |
|
|a линейная вязкоупругость
|
| 610 |
1 |
|
|a анализ
|
| 675 |
|
|
|a 531/534(075.8)
|v 3
|
| 700 |
|
1 |
|a Мейз
|b Дж.
|g Джордж
|
| 801 |
|
1 |
|a RU
|b 63413507
|c 20091126
|
| 801 |
|
2 |
|a RU
|b 63413507
|c 20210129
|g RCR
|
| 942 |
|
|
|c BK
|